Guía para los cursos de información. (Registro nro. 322962)

Detalles MARC
000 -ENCABEZADO
Número de control [NR] 01486nam a2200229Ia 4500
005 - FECHA Y HORA DE LA ÚLTIMA TRANSACCIÓN
control field 20230815152410.0
008 - DE LONGITUD FIJA DE DATOS DE ELEMENTOS - INFORMACIÓN GENERAL
Elementos de longitud fija [NR] 130821s1933 ck fr spa
040 ## - FUENTE DE CATALOGACION [NR]
Agencia de catalogación original [NR] Co-BoUCM
Idioma de catalogación [NR] spa
Quien Cataloga Sandra Yazo
Quien Clasifica Sandra Yazo
041 0# - CODIGO DE IDIOMA [R]
Código de idioma para texto/pista de sonido o título separado [R] Español
082 04 - NUMERO DE CLASIFICACION DECIMAL DEWEY [R]
Número de clasificación [R] 355
Número de la edición [NR] 20
092 ## - SIGNATURA TOPOGRAFICA LOCAL
Número de clasificación local E52N010
100 1# - ASIENTO PRINCIPAL--NOMBRE PERSONAL [NR]
Nombre personal [NR] Díaz, Francisco Javier
ID Autoridad 178311
245 10 - MENCION DE TITULO [NR]
Título [NR] Guía para los cursos de información.
Mención de responsabilidad, etc. [NR] Por F. J. Díaz
260 ## - PUBLICACION, DISTRIBUCION, ETC. (PIE DE IMPRENTA) [R]
Lugar de publicación, distribución, etc. [R] Bogotá (Colombia)
Nombre del editor, distribuidor, etc. [R] Imprenta Nacional
Fecha de publicación, distribución, etc. [R] 1933
300 ## - DESCRIPCION FISICA [R]
Extensión [R] ix, 317 páginas
Dimensiones [R] 17 x 12 cm
500 ## - NOTA GENERAL [R]
Nota general [NR] Detalles físicos: Encuadernación flexible en cartulina corrugada. Tapa delantera impresa, con datos de publicación y grabado con el escudo de Colombia. Hoja de cortesía, con sello. Portada impresa en una sola tinta y se repite el grabado de la caratula. Texto impreso en una sola columna, con diferentes tipos y tamaños de letra. Notas de pie de página. Índice. Tapas sucias y manchadas. Residuos de rótulos antiguos. Tapa posterior doblada.
505 0# - NOTA DE CONTENIDO CON FORMATO PREESTABLECIDO [R]
Nota de contenido con formato preestablecido [NR] Fundamentos de la defensa nacional ; Armas y servicios ; Reclutamiento de oficiales y tropa ; Régimen de instrucción ; Material de guerra del ejército ; Fundamentos de la administración militar ; Ideas generales sobre la movilización del ejército ; Preparación del empleo del ejército ; Operaciones de un ejército
506 ## - NOTA DE RESTRICCIONES DE ACCESO [R]
Condiciones de acceso [NR] Consulta en sala
650 #7 - ASIENTO SECUNDARIO DE MATERIA - TERMINO TEMATICO [R]
Término temático o nombre geográfico como elemento de entrada [NR] Arte y ciencia militar
9 (RLIN) 56367
Subdivisión geográfica [R] Francia
Subdivisión general [R] Guías
690 ## - ASUNTO AGREGADO LOCAL DE ENTRADA - TÉRMINO TEMÁTICO (OCLC, RLIN)
Acceso temático local Ciencia militar
9 (RLIN) 10776
942 ## - ELEMENTOS DE ENTRADA AGREGADOS (KOHA)
Tipo de ítem principal el descrito en 300a Libro
Tema principal 1
Edición 1
Sistema de clasificación LOCAL
Clasificación E52N010
Existencias
Suprimido Perdido Sistema de clasificación Dañado No prestable Tipo de ítem específico Ubicación habitual Ubicación actual Localización Fecha de creación Forma de adquisición Costo Total préstamos Signatura topográfica Código de barras Última vez visto Ejemplar Price effective from Tipo de ítem
    LOCAL     Libro archivo Archivo Histórico Archivo Histórico Archivo histórico 11/08/2023 Donación 0.00   E52N010 L006837 11/08/2023 Ej.1 11/08/2023 Libro
    LOCAL     Libro archivo Archivo Histórico Archivo Histórico Archivo histórico 11/08/2023 Donación 0.00   E52N010 L006839 11/08/2023 Ej.2 11/08/2023 Libro